<?xml version="1.0" encoding="UTF-8"?>
<record
    xmlns:xsi="http://www.w3.org/2001/XMLSchema-instance"
    xsi:schemaLocation="http://www.loc.gov/MARC21/slim http://www.loc.gov/standards/marcxml/schema/MARC21slim.xsd"
    xmlns="http://www.loc.gov/MARC21/slim">

  <leader>01903nam a22001817a 4500</leader>
  <controlfield tag="005">20160614094005.0</controlfield>
  <controlfield tag="008">160614b        xxu||||| |||| 00| 0 eng d</controlfield>
  <datafield tag="040" ind1=" " ind2=" ">
    <subfield code="a">ANE</subfield>
  </datafield>
  <datafield tag="041" ind1=" " ind2=" ">
    <subfield code="a">Es</subfield>
  </datafield>
  <datafield tag="082" ind1=" " ind2=" ">
    <subfield code="a">TV-2784</subfield>
  </datafield>
  <datafield tag="100" ind1=" " ind2=" ">
    <subfield code="a">Crespo, Ramiro</subfield>
    <subfield code="e">analista econ&#xF3;mico</subfield>
  </datafield>
  <datafield tag="245" ind1=" " ind2=" ">
    <subfield code="a">Ramiro Crespo: Nuevos impuestos pueden contribuir al crecimiento del desempleo </subfield>
  </datafield>
  <datafield tag="260" ind1=" " ind2=" ">
    <subfield code="a">Quito</subfield>
    <subfield code="b">Teleamazonas</subfield>
    <subfield code="c">2016-06-13</subfield>
  </datafield>
  <datafield tag="300" ind1=" " ind2=" ">
    <subfield code="a">p.</subfield>
  </datafield>
  <datafield tag="520" ind1=" " ind2=" ">
    <subfield code="a">Ramiro Crespo, analista econ&#xF3;mico, abord&#xF3; varios temas referentes a la econom&#xED;a del pa&#xED;s, como la disposici&#xF3;n de nuevos impuestos de parte del gobierno, algo que ser&#xE1; contraproducente para la salud econ&#xF3;mica del pa&#xED;s, seg&#xFA;n aclar&#xF3;. Manifest&#xF3; que los puntos adicionales al IVA no representar&#xE1;n m&#xE1;s rentas para las arcas estatales, sino que significar&#xE1; menos flujo comercial para los empresarios ecuatorianos. &#x201C;Con un 2% m&#xE1;s (los comerciantes) no van a vender m&#xE1;s, van a vender menos y esto contribuir&#xE1; al aumento del desempleo y a la disminuci&#xF3;n en las rentas&#x201D;, acot&#xF3;. Seg&#xFA;n Crespo, El Estado no tiene capacidad para contrarrestar la recesi&#xF3;n econ&#xF3;mica, sumado a la falta de planificaci&#xF3;n gubernamental, que deja indefensa a la econom&#xED;a frente a la recesi&#xF3;n que se encuentra instalada en el pa&#xED;s. &#x201C;Algunos negocios van a cerrar (&#x2026;) el sacar dinero de un bolsillo para pasar a otro no es beneficioso para la econom&#xED;a&#x201D;, lament&#xF3;. (Ecuador en Vivo)</subfield>
  </datafield>
  <datafield tag="650" ind1=" " ind2=" ">
    <subfield code="a">impuestos/analista econ&#xF3;mico/Gobierno Nacional/Asamblea Nacional/Servicio de Rentas Internas (SRI)/econom&#xED;a del pa&#xED;s/an&#xE1;lisis/disposici&#xF3;n nuevos impuestos/contraproducente/salud econ&#xF3;mica/puntoa adicionales del IVA/ menos flujo comercial/empresarios ecuatorianos/ventas menor/aumento desempleo/disminuci&#xF3;n de rentas/Estado no tiene capacidad/contrarrestar/ recesi&#xF3;n econ&#xF3;mica/ falta de planificaci&#xF3;n gubernamental/cierre de negocios/</subfield>
  </datafield>
  <datafield tag="942" ind1=" " ind2=" ">
    <subfield code="2">ddc</subfield>
    <subfield code="c">VM</subfield>
    <subfield code="z">IES.</subfield>
  </datafield>
  <datafield tag="999" ind1=" " ind2=" ">
    <subfield code="c">34328</subfield>
    <subfield code="d">34328</subfield>
  </datafield>
  <datafield tag="952" ind1=" " ind2=" ">
    <subfield code="0">0</subfield>
    <subfield code="1">0</subfield>
    <subfield code="2">ddc</subfield>
    <subfield code="4">0</subfield>
    <subfield code="7">0</subfield>
    <subfield code="a">AN01</subfield>
    <subfield code="b">AN01</subfield>
    <subfield code="d">2016-06-14</subfield>
    <subfield code="o">TV-2784</subfield>
    <subfield code="p">TV-2784</subfield>
    <subfield code="r">2016-06-14</subfield>
    <subfield code="w">2016-06-14</subfield>
    <subfield code="y">VM</subfield>
  </datafield>
</record>
